Statistics for Planets by Alternative Picture

Click here to take the quiz!

General Stats

  • This quiz has been taken 37 times
  • The average score is 6 of 8

Answer Stats

Answer% Correct
Mars
94%
Neptune
90%
Venus
90%
Mercury
87%
Jupiter
84%
Saturn
65%
Earth
61%
Uranus
55%

Score Distribution

Percentile by Number Answered

Percent of People with Each Score

Your Score History

You have not taken this quiz